header

Musial (Record no. 4688)

MARC details
000 -LEADER
fixed length control field 01353nam a22003374a 4500
082 04 - DEWEY DECIMAL CLASSIFICATION NUMBER
Classification number 796.357/092
-- B
100 1# - MAIN ENTRY--AUTHOR NAME
Personal name Giglio, James N.,
245 10 - TITLE STATEMENT
Title Musial
260 ## - PUBLICATION, DISTRIBUTION, ETC. (IMPRINT)
Place of publication Columbia, Mo. :
Name of publisher University of Missouri Press,
Year of publication c2001.
300 ## - PHYSICAL DESCRIPTION
Number of Pages xviii, 345 p. :
Other physical details ill.
490 1# - SERIES STATEMENT
Series statement Missouri biography series
650 #0 - SUBJECT ADDED ENTRY--TOPICAL TERM
Topical Term Baseball players
856 40 - ELECTRONIC LOCATION AND ACCESS
Uniform Resource Identifier http://site.ebrary.com/lib/rucke/Doc?id=10001666

No items available.

© 2026 Rongo University
Contact us: librarian | system librarian | Rongo university